Normal view
MARC view
- VAINGAST,SHAI
Entry Personal Name
001 - CONTROL NUMBER
- control field: 91826
003 - CONTROL NUMBER IDENTIFIER
- control field: NUST
005 - DATE AND TIME OF LATEST TRANSACTION
- control field: 20220524164642.0
008 - FIXED-LENGTH DATA ELEMENTS
- fixed length control field: 220524|| aca||aabn | a|a d
040 ## - CATALOGING SOURCE
- Original cataloging agency: NUST
- Transcribing agency: NUST
100 ## - HEADING--PERSONAL NAME
- Personal name: VAINGAST,SHAI
670 ## - SOURCE DATA FOUND
- Source citation: Work cat.: (NUST): VAINGAST,SHAI., BEGINNING PYTHON VISUALIZATION CRAFTING VISUAL TRANSFORMATION SCRIPTS /, 2014.
